000 00313nam a22001337a 4500
041 _aENG
100 _aRajagopalan.R
245 _aEnvironmental Studies From Crisis To Cure
250 _aSecond Ed
260 _aDelhi
_bOxford Universty Press
_c2011
300 _a358
650 _aEOES
856 _uEOES ( 11 )
999 _c1176
_d1176